Catalog

Record Details

Catalog Search



A Christmas hope a novel  Cover Image CD Audiobook CD Audiobook

A Christmas hope [sound recording] : a novel / Anne Perry.

Perry, Anne. (Author). Prebble, Simon. (Added Author). AudioGO (Firm) (Added Author).

Summary:

The gripping story of an unforgettable battle between good and evil in Victorian London and a lonely woman's search for meaning in her life. It's a celebration of courage, faith, and love for all seasons.

Record details

  • ISBN: 9781482952940
  • ISBN: 1482952947
  • ISBN: 9781482952964
  • ISBN: 1482952963
  • Physical Description: 4 sound discs (ca. 4 hr.) : digital ; 4 3/4 in.
  • Edition: Unabridged.
  • Publisher: [Ashland, Or.] : AudioGO, p2013.

Content descriptions

General Note:
Title from container.
Compact discs.
Duration: 4:00:00.
"Tracks every 3 minutes for easy bookmarking"--Container.
Participant or Performer Note:
Read by Simon Prebble.
Subject: Murder > Investigation > Fiction.
London (England) > History > 1800-1950 > Fiction.
Genre: Audiobooks.
Mystery fiction.

LDR 01587nim a2200433Ia 4500
001136253
003CONS
00520140703073309.0
007sd fungnnmmned
008131009s2013 orunnnn f n eng d
020 . ‡a9781482952940
020 . ‡a1482952947
020 . ‡a9781482952964
020 . ‡a1482952963
02802. ‡aZP8718 ‡bAudioGO
02802. ‡aZ8718 ‡bAudioGO
035 . ‡a(CPomAG)LMN563483
050 4. ‡aPR6066.E693 ‡bC4686 2013ab
08204. ‡a823/.914 ‡223
1001 . ‡aPerry, Anne.
24512. ‡aA Christmas hope ‡h[sound recording] : ‡ba novel / ‡cAnne Perry.
250 . ‡aUnabridged.
260 . ‡a[Ashland, Or.] : ‡bAudioGO, ‡cp2013.
300 . ‡a4 sound discs (ca. 4 hr.) : ‡bdigital ; ‡c4 3/4 in.
500 . ‡aTitle from container.
500 . ‡aCompact discs.
500 . ‡aDuration: 4:00:00.
500 . ‡a"Tracks every 3 minutes for easy bookmarking"--Container.
5110 . ‡aRead by Simon Prebble.
520 . ‡aThe gripping story of an unforgettable battle between good and evil in Victorian London and a lonely woman's search for meaning in her life. It's a celebration of courage, faith, and love for all seasons.
650 0. ‡aMurder ‡xInvestigation ‡vFiction.
651 0. ‡aLondon (England) ‡xHistory ‡y1800-1950 ‡vFiction.
655 7. ‡aAudiobooks. ‡2lcgft
655 7. ‡aMystery fiction. ‡2gsafd
7001 . ‡aPrebble, Simon.
7102 . ‡aAudioGO (Firm)
914 . ‡aSCP_jd
959 . ‡i32269000926025 ‡lBK/CD Per ‡aAdult - Audiobook ‡tAudiobook ‡g35.00
852 . ‡p32269000926025 ‡jBK/CD Per ‡gAdult - Audiobook ‡cAudiobook ‡y35.00 ‡bSBPL
901 . ‡a136253 ‡bUnknown ‡c136253 ‡tbiblio

Additional Resources